OSN a Blízký východ

Angažovanosť OSN v židovsko- arabskom konflikte. Sprostredkovateľská činnosť OSN v izraelsko-arabských konfliktoch v historickom vývoji.Úsilie o dosiahnutie trvalého mieru na Blízkom východe. Dočasné jednotky OSN v Libanone. OSN a Irak. Rozhodujúci hráč na dnešnom Blízkom východe - USA. Monitorovaci...

Descrizione completa

Salvato in:
Dettagli Bibliografici
Autore principale: Čejka, Marek
Natura: Capitolo di libro
Lingua:ceco
Soggetti:
Tags: Aggiungi Tag
Nessun Tag, puoi essere il primo ad aggiungerne!!

MARC

LEADER 00000naa$a2200000$$$4500
001 0025607
005 20231016092052.0
041 0 |a cze 
044 |a CZ 
245 1 0 |a OSN a Blízký východ  |c Marek Čejka 
520 |a Angažovanosť OSN v židovsko- arabskom konflikte. Sprostredkovateľská činnosť OSN v izraelsko-arabských konfliktoch v historickom vývoji.Úsilie o dosiahnutie trvalého mieru na Blízkom východe. Dočasné jednotky OSN v Libanone. OSN a Irak. Rozhodujúci hráč na dnešnom Blízkom východe - USA. Monitorovacie a humanitárne pôsobenie OSN. 
610 2 0 |a politika medzinárodná 
610 2 0 |a politika mierová 
610 2 0 |a bezpečnosť 
610 2 0 |a humanizmus 
610 2 0 |a konflikty 
610 2 0 |a spolupráca medzinárodná 
610 2 0 |a národnosti 
610 2 0 |a ideológia 
610 2 0 |a organizácie medzinárodné 
610 2 0 |a OSN 
610 2 0 |a Blízky východ 
610 2 0 |a USA 
100 1 |a Čejka, Marek